|
|
|
|
| LEADER |
00000nta a2200000 i 4500 |
| 001 |
dolg2001 |
| 005 |
20160211142539.0 |
| 008 |
150824suuuu hu om 000 hun d |
| 040 |
|
|
|a BGE Dolgozattár Repozitórium
|b hun
|
| 041 |
|
|
|a hu
|
| 100 |
1 |
|
|a Farkas Lilla
|
| 245 |
1 |
2 |
|a A klasszikus és modern minőségköltség koncepciók problematikája, avagy mit mutat a gyakorlat az Eagle Industry Hungary Kft. esetén
|c Farkas Lilla
|h [elektronikus dokumentum]
|
| 246 |
1 |
1 |
|a A kalsszikus és modern minőségköltség koncepciók problematikája, avagy mit mutat a gyakorlat az Eagle Industry Hungary Kft. esetén
|
| 695 |
|
|
|a Minőségirányítás
|
| 695 |
|
|
|a Minőségügy
|
| 700 |
1 |
|
|a Tóth Dr. Antal
|e ths
|
| 856 |
4 |
0 |
|u http://dolgozattar.uni-bge.hu/2001/2/Szakdoga%20word.docx
|z Dokumentum-elérés
|